| 000 | 00555nam a2200205 a 4500 | ||
|---|---|---|---|
| 005 | 20210219153439.0 | ||
| 008 | 991125n 000 0 u | ||
| 035 | _aUPN01000100404 | ||
| 100 | _aDELGADO, Rene | ||
| 222 |
_aREFORMA Y UTOPIA : _bREFLEXIONES SOBRE EDUCACION SUPERIOR |
||
| 245 | _aSobre aviso | ||
| 300 | _a161-165 | ||
| 362 | _a1989 No. 2, oct.-dic. | ||
| 653 | 0 | _aCONFLICTOS UNIVERSITARIOS | |
| 650 | _aCRISIS UNIVERSITARIA | ||
| 653 | 0 | _aREFORMA UNIVERSITARIA | |
| 653 | 0 | _aU. DE G. | |
| 904 |
_aAC _b038215 |
||
| 905 | _aArticulo | ||
| 999 |
_c77096 _d77096 |
||